[Event "Modra Slovakia op"]
[Site "Modra"]
[Date "2024.03.05"]
[Round "9"]
[White "Mruskovic, Ondrej"]
[Black "Veres, Alex"]
[Result "1/2-1/2"]
[WhiteElo "1510"]
[BlackElo "1584"]
[PlyCount "48"]
[EventDate "2024.03.01"]
[EventType "swiss"]
[EventRounds "9"]
[EventCountry "SVK"]
[SourceTitle "CB11_2024"]
[SourceDate "2024.03.13"]
[SourceVersion "1"]
[SourceVersionDate "2024.03.13"]
[SourceQuality "1"]

1. e4 e6 2. d4 d5 3. exd5 exd5 4. Nf3 Nf6 5. Nc3 c6 6. h3 Bf5 7. Bd3 Bxd3 8. Qxd3 Bb4 9. Bg5 0-0 10. 0-0 h6 11. Bh4 Nbd7 12. a3 Bd6 13. Rfe1 Qb6 14. b4 Qc7 15. Rac1 Rfe8 16. Ne2 b5 17. Bg3 Ne4 18. Bxd6 Nxd6 19. Nd2 Re7 20. Ng3 Rae8 21. Kf1 Nf6 22. Qc3 g6 23. Rxe7 Rxe7 24. Re1 Nc4 1/2-1/2

[Event "Modra Slovakia op"]
[Site "Modra"]
[Date "2024.03.04"]
[Round "7"]
[White "Loffay, Pavol"]
[Black "Veres, Alex"]
[Result "1-0"]
[WhiteElo "1753"]
[BlackElo "1584"]
[PlyCount "59"]
[EventDate "2024.03.01"]
[EventType "swiss"]
[EventRounds "9"]
[EventCountry "SVK"]
[SourceTitle "CB11_2024"]
[SourceDate "2024.03.13"]
[SourceVersion "1"]
[SourceVersionDate "2024.03.13"]
[SourceQuality "1"]

1. f4 e5 2. e4 d6 3. Nf3 Nc6 4. Bc4 Bg4 5. h3 Bxf3 6. Qxf3 Nd4 7. Qc3 Nf6 8. d3 g6 9. Be3 Bg7 10. Bxd4 exd4 11. Qb3 0-0 12. 0-0 b6 13. Qb4 d5 14. Bxd5 Nxd5 15. exd5 Qxd5 16. Nd2 c5 17. Qb3 Qxb3 18. axb3 Rfe8 19. Rae1 Rxe1 20. Rxe1 Kf8 21. Kf2 Re8 22. Ne4 f5 23. Nd6 Rxe1 24. Kxe1 a6 25. g4 Ke7 26. Nc8+ Kd8 27. Nxb6 Kc7 28. Nc4 Kc6 29. Ke2 Kb5 30. gxf5 1-0

[Event "SVK-ch Amateurs"]
[Site "Liptovsky Jan"]
[Date "2023.06.17"]
[Round "5"]
[White "Veres, Alex"]
[Black "Gay, Lukas"]
[Result "0-1"]
[WhiteElo "1292"]
[BlackElo "1640"]
[PlyCount "90"]
[EventDate "2023.06.15"]
[EventType "swiss"]
[EventRounds "8"]
[EventCountry "SVK"]
[SourceTitle "CBM 214 Extra"]
[Source "ChessBase"]
[SourceDate "2023.07.31"]
[SourceVersion "1"]
[SourceVersionDate "2023.07.31"]
[SourceQuality "1"]

1. Nf3 g6 2. c4 Bg7 3. e3 Nf6 4. d4 d5 5. cxd5 Nxd5 6. Bc4 Nb6 7. Bb3 Nc6 8. Nc3 0-0 9. 0-0 a5 10. a3 e5 11. d5 Ne7 12. e4 Bg4 13. h3 Bd7 14. Be3 Nbc8 15. Qd2 Re8 16. Ne2 Nd6 17. Ng3 a4 18. Ba2 f5 19. exf5 Nexf5 20. Nxf5 Bxf5 21. Ng5 Qd7 22. Ne6 Bxe6 23. dxe6 Qb5 24. Rac1 Rac8 25. Rc5 Qa6 26. f3 b6 27. Rc2 Nf5 28. Bf2 Kh8 29. Rd1 Nd4 30. Bxd4 exd4 31. Re1 Re7 32. Qb4 c5 33. Qd2 b5 34. Qg5 Qd6 35. Rce2 Rb8 36. Bb1 c4 37. Bxg6 d3 38. Rd2 Bd4+ 39. Kh1 hxg6 40. Qxg6 Rg8 41. Qe4 Bf6 42. Qf5 Bg5 43. Rdd1 Qf4 44. Qxf4 Bxf4 45. Re4 Bd6 0-1

[Event "SVK-ch U12"]
[Site "Dudince"]
[Date "2023.04.21"]
[Round "7"]
[White "Veres, Alex"]
[Black "Drabek, Matej"]
[Result "0-1"]
[WhiteElo "1306"]
[BlackElo "1272"]
[PlyCount "48"]
[EventDate "2023.04.16"]
[EventType "swiss"]
[EventRounds "9"]
[EventCountry "SVK"]
[SourceTitle "CBM 213 Extra"]
[Source "ChessBase"]
[SourceDate "2023.05.31"]
[SourceVersion "1"]
[SourceVersionDate "2023.05.31"]
[SourceQuality "1"]

1. e4 e5 2. Nf3 Nc6 3. Bc4 Bc5 4. c3 d6 5. d4 exd4 6. cxd4 Bb6 7. Nc3 Nf6 8. Bg5 h6 9. Bh4 0-0 10. Nd5 g5 11. Nxf6+ Qxf6 12. d5 gxh4 13. dxc6 Qxb2 14. 0-0 Qf6 15. cxb7 Bxb7 16. Bd5 Bxd5 17. Qxd5 h3 18. Qf5 Qxf5 19. exf5 hxg2 20. Kxg2 Kh7 21. Rg1 Rg8+ 22. Kf1 Rxg1+ 23. Kxg1 Rg8+ 24. Kf1 c5 0-1

[Event "SVK-ch U12"]
[Site "Dudince"]
[Date "2023.04.20"]
[Round "6"]
[White "Prochazka, Michal"]
[Black "Veres, Alex"]
[Result "1/2-1/2"]
[WhiteElo "1367"]
[BlackElo "1306"]
[PlyCount "37"]
[EventDate "2023.04.16"]
[EventType "swiss"]
[EventRounds "9"]
[EventCountry "SVK"]
[SourceTitle "CBM 213 Extra"]
[Source "ChessBase"]
[SourceDate "2023.05.31"]
[SourceVersion "1"]
[SourceVersionDate "2023.05.31"]
[SourceQuality "1"]

1. e4 e6 2. d4 d5 3. e5 c5 4. c3 Nc6 5. Nf3 Qb6 6. Bd3 cxd4 7. cxd4 Nge7 8. Nc3 a6 9. 0-0 g6 10. Bc2 Bg7 11. Qd3 Nf5 12. Rd1 0-0 13. a3 Qc7 14. Ne2 Bd7 15. Ng3 Nxg3 16. hxg3 Rac8 17. Bf4 Nb4 18. axb4 Qxc2 19. Qa3 1/2-1/2

[Event "Liptovsky Jan op"]
[Site "Liptovsky Jan"]
[Date "2022.06.24"]
[Round "2.28"]
[White "Veres, Alex"]
[Black "Rucek, Peter"]
[Result "0-1"]
[WhiteElo "1000"]
[BlackElo "1894"]
[PlyCount "81"]
[EventDate "2022.06.23"]
[EventType "swiss"]
[EventRounds "7"]
[EventCountry "SVK"]
[SourceTitle "CBM 209 Extra"]
[Source "ChessBase"]
[SourceDate "2022.09.30"]
[SourceVersion "1"]
[SourceVersionDate "2022.09.30"]
[SourceQuality "1"]

1. e4 c5 2. Nf3 d6 3. d4 cxd4 4. Nxd4 Nf6 5. Nc3 Nc6 6. Nxc6 bxc6 7. Bc4 Bb7 8. Bf4 e6 9. 0-0 Be7 10. Bg5 0-0 11. Bxf6 Bxf6 12. Qf3 d5 13. exd5 cxd5 14. Bd3 Qc8 15. Qh3 g6 16. Nb5 Qc6 17. Qf3 e5 18. Be2 a6 19. Nc3 e4 20. Qg3 d4 21. Nd1 Qxc2 22. Bg4 Rad8 23. h3 Rfe8 24. f3 e3 25. Re1 Be5 26. Qh4 h5 27. Bxh5 gxh5 28. Qg5+ Qg6 29. Qxg6+ fxg6 30. g4 Bxf3 31. gxh5 gxh5 32. b3 Kh7 33. Kf1 e2+ 34. Rxe2 Bxe2+ 35. Kxe2 d3+ 36. Kd2 Bxa1 37. h4 Re2+ 38. Kc1 Rc8+ 39. Kb1 Re1 40. a4 Rc2 41. Kxa1 0-1